|
|
|
|
| LEADER |
00603nta a2200157 i 4500 |
| 001 |
dipl43293 |
| 005 |
20140801085447.0 |
| 008 |
140801s1969 hu om 0|| zxx d |
| 040 |
|
|
|a SZTE Diploma Repozitórium
|b hun
|
| 041 |
|
|
|a zxx
|
| 100 |
2 |
|
|a Szombath Gáborné Strommer Zsuzsanna
|
| 245 |
1 |
3 |
|a Az első világháború Tömörkény István novelláiban
|h [elektronikus dokumentum] /
|c Zsuzsanna Szombath Gáborné Strommer
|
| 260 |
|
|
|c 1969
|
| 650 |
|
4 |
|a Bölcsészettudományok
|
| 700 |
1 |
|
|a Ilia Mihály
|e ths
|
| 856 |
4 |
0 |
|u http://diploma.bibl.u-szeged.hu/id/eprint/43293/1/1969_szombath_gaborne.pdf
|z Dokumentum-elérés
|